00543nam a2200181Ia 4500003000900000005001700009008004100026040001300067040001300080041000800093100002700101245003900128250001200167260005000179300002000229490001300249520009900262IT-RoPAU20220918175740.0120407s9999 xx 000 0 und d aIT-RoPAU cIT-RoPAU aita aAlberione GiacomoqSSP aGrandezze di Mariab31 Meditazioni a4° ed. aAlbano Laziale (Roma)bEdizioni Paolinec1955 a195 p.c17,5 cm v1° vol. aINDICE I-Credere le grandezze di Maria; II-Imitare le virtù di Maria; III-Divozione a Maria.